Agama [dan] kebudayaan

Bibliographic Details
Main Author: Ismail, Faisal (Author)
Format: Book
Published: Bandung : Almaarif , [1980?]
Subjects:

MARC

LEADER 00000cam a2200000 7i4500
001 0000006117
005 20140406093000.0
008 021119s1980
090 0 0 |a BL55   |b .I852 1982 
100 0 |a Ismail, Faisal ,   |e author 
245 0 0 |a Agama [dan] kebudayaan   |c Faris Ismail 
260 2 |a Bandung :   |b Almaarif ,   |c [1980?] 
300 |a 72 ms. ;   |c 19 sm. 
504 |a Mengandungi bibliografi (ms. 69-71) 
650 0 |a Culture 
650 0 |a Religion 
650 0 |a Religion and culture 
999 |a 1000001020   |b Book   |c OPEN SHELF (30 DAYS)   |e Gong Badak Campus 
999 |a 1000001021   |b Book   |c OPEN SHELF (30 DAYS)   |e Gong Badak Campus 
999 |a 1000001023   |b Book   |c OPEN SHELF (30 DAYS)   |e Gong Badak Campus